000 00304nam a2200133Ia 4500
005 20260328104259.0
008 260328s9999||||xx |||||||||||||| ||und||
100 _aHoll, Steven
245 0 _aThis is Hybrid /
_cSteven Holl
260 _bA+T
300 _a308 p.
650 _aARQUITECTURA
942 _cBK
999 _c10559
_d10559